000 00472nam a2200205Ia 4500
003 0100
005 20240709145845.0
008 130307s9999 xx 000 0 und d
040 _cARRUPELIB
050 _aB407.M2
100 _aMcKeon, Richard
_918609
245 4 _aThe basic works of Aristotle
260 _aNew York
260 _bRandom House
260 _c1941
300 _a1487p.
300 _b24cm
650 _aPHILOSOPHY
_918610
942 _2lcc
_cMONOGRAPH
999 _c84130
_d84130